| 000 | 00656cam a22002291 4500 | ||
|---|---|---|---|
| 001 | 9817774 | ||
| 003 | ARRUPE | ||
| 005 | 20170209142501.0 | ||
| 008 | 750827t19591958xx 000 0 eng | ||
| 010 | _a 58014453 | ||
| 035 | _a(OCoLC)1576237 | ||
| 040 |
_aDLC _cFM _dDLC |
||
| 050 | 0 | 0 |
_aBX1754 _b.L78 |
| 100 | 1 |
_aLunn, Arnold, _d1888-1974. _928724 |
|
| 245 | 1 | 0 |
_aAnd yet so new. _cArnold Lunn |
| 260 |
_aNew York, _bSheed & Ward _c[1959, c1958] |
||
| 300 |
_a244 p. _c21 cm. |
||
| 610 | 2 | 0 |
_aCatholic Church _xDoctrines. _928725 |
| 650 | 0 |
_aCatholic converts. _97854 |
|
| 906 |
_a7 _bcbc _coclcrpl _du _encip _f19 _gy-gencatlg |
||
| 942 |
_2lcc _cMONOGRAPH |
||
| 999 |
_c126082 _d126082 |
||